书目信息 |
| 题名: |
未来主义;超现实主义
|
|
| 作者: | 张秉真 , 黄晋凯 主编 | |
| 分册: | ||
| 出版信息: | 北京 中国人民大学出版社 1994.07 |
|
| 页数: | 648页 | |
| 开本: | 20cm | |
| 丛书名: | 外国文学流派研究资料丛书 | |
| 单 册: | ||
| 中图分类: | I109.9 | |
| 科图分类: | ||
| 主题词: | 文学--世界 | |
| 电子资源: | ||
| ISBN: | 7-300-01726-6 | |
| 000 | 00718nam0 2200229 45 | |
| 001 | 0303131563 | |
| 005 | 20030313151759.6 | |
| 010 | @a7-300-01726-6@d35.00元 | |
| 100 | @a20030313d1994 km y0chiy0120 ea | |
| 101 | 0 | @achi |
| 105 | @a z 000yy | |
| 200 | 1 | @a未来主义;超现实主义@AWei Lai Zhu Yi;Chao Xian Shi Zhu Yi@f张秉真,黄晋凯主编@FZhang Bing Zhen,Huang Jin Kai Zhu Bian |
| 210 | @a北京@c中国人民大学出版社@d1994.07 | |
| 215 | @a648页@d20cm | |
| 225 | @a外国文学流派研究资料丛书 | |
| 410 | @12001 @a外国文学流派研究资料丛书 | |
| 606 | 0 | @a文学@x世界 |
| 690 | @aI109.9@v3 | |
| 701 | 0 | @a张秉真@4主编 |
| 701 | 0 | @a黄晋凯@4主编 |
| 801 | @aCN@bPftUser@c20030313 | |
| 905 | @aBZT@b345233-235@dI109.9@e1@f3 | |
| 未来主义;超现实主义/张秉真,黄晋凯主编.-北京:中国人民大学出版社,1994.07 |
| 648页;20cm.-(外国文学流派研究资料丛书) |
| ISBN 7-300-01726-6:35.00元 |
| ● |
| 相关链接 |
|
|
|
正题名:未来主义;超现实主义
索取号:I109.9/1
 
预约/预借
| 序号 | 登录号 | 条形码 | 馆藏地/架位号 | 状态 | 备注 |
| 1 | 345233 | 201371390 | 样本书库/样006架B面2层3列/ [索取号:I109.9/1] | 在馆 | |
| 2 | 345234 | 201371381 | 中心书库中库/打包BH1157/ [索取号:I109.9/1] | 在馆 | |
| 3 | 345235 | 201371871 | 中心书库中库/打包BH1157/ [索取号:I109.9/1] | 在馆 |